Cities and urban areas in the new European cohesion policy (Record no. 76633)

MARC details
000 -LEADER
fixed length control field 00965cab a2200193 4500
001 - CONTROL NUMBER
control field ##L132791
008 - FIXED-LENGTH DATA ELEMENTS--GENERAL INFORMATION
fixed length control field 060308n2006 000 0 eng u
035 ## - SYSTEM CONTROL NUMBER
System control number (Sirsi) u132791
041 0# - LANGUAGE CODE
Language code of text/sound track or separate title eng
100 1# - MAIN ENTRY--PERSONAL NAME
Personal name Sykes, Olivier
245 00 - TITLE STATEMENT
Title Cities and urban areas in the new European cohesion policy
260 ## - PUBLICATION, DISTRIBUTION, ETC.
Date of publication, distribution, etc. 2006
490 #0 - SERIES STATEMENT
Series statement Town & Country Planning
Volume/sequential designation 75(2) February 2006, 62-65(4)
520 ## - SUMMARY, ETC.
Summary, etc. Reviews the key European level documents over the past year that have reflected upon the issues facing urban areas in Europe and the role that cities can play in contributing to driving forward the EU's renewed commitment to the objectives of the Lisbon Strategy. Covers the proposals for community strategic guidelines for cohesion policy, cohesion policy and cities and future policy approaches.
590 ## - LOCAL NOTE (RLIN)
Local note IKA140306
650 24 - SUBJECT ADDED ENTRY--TOPICAL TERM
Topical term or geographic name entry element LISBON STRATEGY
690 ## - LOCAL SUBJECT ADDED ENTRY--TOPICAL TERM (OCLC, RLIN)
Topical term or geographic name as entry element ENVIRONMENTAL AND LAND CONSULTANCY-PLANNING AND DEVELOPMENT-STRATEGIC PLANNING
942 ## - ADDED ENTRY ELEMENTS (KOHA)
Suppress in OPAC 0
Holdings
Withdrawn status Lost status Source of classification or shelving scheme Damaged status Not for loan Home library Current library Shelving location Date acquired Total Checkouts Full call number Barcode Date last seen Copy number Price effective from Koha item type
    Dewey Decimal Classification     London London Journal article 08/03/2006   L132791 132791-1001 06/08/2019 1 06/08/2019 Journal article